[Event "2023 South West Open"]
[Site "Margaret River AUS"]
[Date "2023.07.30"]
[Round "5.2"]
[White "Hardegen,Andrew"]
[Black "Ellis,David"]
[Result "1/2-1/2"]
[BlackElo "2046"]
[BlackFideId "3205568"]
[EventDate "2023.07.29"]
[PlyCount "0"]
[WhiteElo "2169"]
[WhiteFideId "3204081"]

1. d4 e6 2. c4 Bb4+ 3. Nd2 f5 4. g3 Nf6 5. Bg2 O-O 6. a3 Be7 7. Ngf3 d5 8. O-O
c6 9. Ne5 Nbd7 10. Ndf3 Ne4 11. Qc2 Qe8 12. Nd3 g5 13. Nfe5 Bf6 14. f3 Nd6 15.
b3 Qh5 16. Bd2 Nf7 17. Bc3 Qh6 18. Rae1 Qg7 19. Qb2 h5 20. Nxd7 Bxd7 21. e4
Rae8 22. e5 Be7 23. cxd5 cxd5 24. Bb4 Bb5 25. Bxe7 Rxe7 26. Qc3 Bxd3 27. Qxd3
Rc7 28. Rc1 Rfc8 29. Qd2 Qf8 30. Rxc7 Rxc7 31. Rc1 Qc8 32. Rxc7 Qxc7 33. Kf2
Kg7 34. Bf1 Qb6 35. Qe3 Qc6 36. f4 g4 37. Qd3 Qc1 { Moves uncertain from this
point. Game ended with an agreed draw after 48 moves.}   1/2-1/2

[Event "2023 South West Open"]
[Site "Margaret River AUS"]
[Date "2023.07.30"]
[Round "5.3"]
[White "Hare,Tim"]
[Black "Moseley,Paul"]
[Result "1-0"]
[BlackElo "1516"]
[BlackFideId "3250911"]
[EventDate "2023.07.29"]
[PlyCount "0"]
[WhiteElo "2275"]
[WhiteFideId "4300629"]

1. Nf3 f5 2. g3 Nc6 3. Bg2 d6 4. d3 e5 5. c4 Be7 6. Nc3 Nf6 7. a3 a5 8. Rb1 O-O
9. O-O Qe8 10. Nd5 Nxd5 11. cxd5 Nd4 12. Nxd4 exd4 13. Qc2 Bd8 14. b4 b5 15.
bxa5 Rxa5 16. Re1 Qf7 17. Qd2 c6 18. dxc6 Bc7 19. Qb4 Bb6 20. Qxd6 Rd8 21. Qb4
Qa7 22. Bf3 Re8 23. a4 Bc5 24. Qb3+ Be6 25. Bd5 Qf7 26. Bxe6 Qxe6 27. Qxe6+
Rxe6 28. axb5 Bb6 29. Kf1 Re5 30. Bf4 Rexb5 31. c7  1-0

[Event "2023 South West Open"]
[Site "Margaret River AUS"]
[Date "2023.07.30"]
[Round "5.5"]
[White "Prince,John"]
[Black "Kerr,Carter"]
[Result "0-1"]
[BlackElo "1485"]
[BlackFideId "3261859"]
[EventDate "2023.07.29"]
[PlyCount "0"]
[WhiteElo "1528"]
[WhiteFideId "3266060"]

1. e4 e5 2. Nf3 Nc6 3. Bb5 Nf6 4. d3 d6 5. Bg5 Be7 6. Nbd2 O-O 7. O-O Bg4 8. h3
Bh5 9. c3 Nd7 10. Bxe7 Nxe7 11. Bxd7 Qxd7 12. Nxe5 dxe5 13. Qxh5 Qxd3 14. Rad1
Ng6 15. Nf3 Qxe4 16. Qxh7+ Kxh7 17. Ng5+ Kg8 18. Nxe4 Rad8 19. Nc5 b6 20. Na6
c6 21. Nb4 Ne7 22. Rfe1 c5 23. Nd3 f6 24. f4 c4 25. Nb4 a5 26. Nc2 Ng6 27. fxe5
Nxe5 28. Nd4 Nd3 29. Re6 Nxb2 30. Rd2 Na4 31. Re7 Nxc3 32. Rxg7+ Kxg7 33. Ne6+
Kg8 34. Nxd8 Nxa2 35. Ne6 Re8 36. Nc7 Rc8 37. Nd5 Nb4 38. Nxb4 c3 39. Rd4 c2 
0-1

[Event "2023 South West Open"]
[Site "Margaret River AUS"]
[Date "2023.07.30"]
[Round "5.6"]
[White "Caden,Matt"]
[Black "Holland,Dennis"]
[Result "0-1"]
[BlackElo "2101"]
[BlackFideId "3206491"]
[EventDate "2023.07.29"]
[PlyCount "0"]
[WhiteElo "1525"]
[WhiteFideId "0"]

1. e4 e5 2. Nf3 Nf6 3. Nc3 Bb4 4. Bc4 d6 5. d3 Nc6 6. O-O Bg4 7. Nd5 Nxd5 8.
Bxd5 Qf6 9. Bg5 Bxf3 10. Qxf3 Qxg5 11. Qxf7+ Kd8 12. Bxc6 bxc6 13. Qc4 Bc5 14.
Qa6 Bb6 15. Qb7 Kd7 16. Qa6 Raf8 17. Rad1 Qh5 18. Rd2 Rf6 19. Kh1 Bxf2 20. h3
Rhf8 21. d4 Be3 22. Rdd1 Bxd4 23. c3 Bb6 24. Qd3 Qf7 25. Rfe1 Rf2 26. Re2 Qg6
27. Kh2 Qxg2#  0-1

[Event "2023 South West Open"]
[Site "Margaret River AUS"]
[Date "2023.07.30"]
[Round "5.7"]
[White "Wu,Kobe"]
[Black "McAteer,Ian"]
[Result "1/2-1/2"]
[BlackElo "1822"]
[BlackFideId "3230015"]
[EventDate "2023.07.29"]
[PlyCount "0"]
[WhiteElo "1523"]
[WhiteFideId "3257355"]

1. e4 c6 2. Nf3 d5 3. Nc3 Nf6 4. e5 Ne4 5. d4 Bg4 6. h3 Nxc3 7. bxc3 Bh5 8. Bd3
e6 9. Bg5 Qa5 ( 9... Bxf3 10. Qb1 Qc7 ( 10... Qxg5 11. Qxb7 Qxg2 ))10. Bd2 Qa4
11. Qe2 Nd7 12. O-O Be7 13. Rfc1 Bg6 14. Bxg6 hxg6 15. Bg5 Nb6 16. Bxe7 Kxe7
17. Ng5 Raf8 18. Rcb1 Rh5 19. Nf3 Rb8 20. a3 Nc4 21. Rb4 Qa6 22. Nd2 b5 23.
Nxc4 dxc4 24. a4 Rd8 25. Qf1 Qb6 26. axb5 cxb5 27. Rab1 Qa5 28. Rxb5 Qxc3 29.
Rb7+ Ke8 30. Rxa7 Qxd4 31. Rbb7 Rf5 32. g4 Rf4 33. Qe2 Kf8 34. Qe3 Qd1+ 35. Kg2
g5 36. Qxf4 gxf4 37. Rxf7+  1/2-1/2

[Event "2023 South West Open"]
[Site "Margaret River AUS"]
[Date "2023.07.30"]
[Round "5.8"]
[White "Molenaar,Michael"]
[Black "Kerr,Lennon"]
[Result "1-0"]
[BlackElo "1576"]
[BlackFideId "3261735"]
[EventDate "2023.07.29"]
[PlyCount "0"]
[WhiteElo "1476"]
[WhiteFideId "0"]

1. d4 d5 2. e3 Nf6 3. Bd3 e6 4. Nd2 c5 5. c3 Nc6 6. f4 cxd4 7. exd4 Bd6 8. g3
O-O 9. Ngf3 Re8 10. O-O Qb6 11. Kh1 Bd7 12. Ne5 Qc7 13. Qf3 Rad8 14. g4 Re7 15.
Qh3 g6 16. Qf3 Ne8 17. Rf2 f6 18. Nxc6 Bxc6 19. Kg1 Ng7 20. Nf1 e5 21. fxe5
fxe5 22. dxe5 Bxe5 23. Bg5 d4 24. Bc4+  1-0

[Event "2023 South West Open"]
[Site "Margaret River AUS"]
[Date "2023.07.30"]
[Round "5.9"]
[White "Iwach,Dylan"]
[Black "O'Mahoney,Keegan"]
[Result "0-1"]
[BlackElo "2193"]
[BlackFideId "2506190"]
[EventDate "2023.07.29"]
[PlyCount "0"]
[WhiteElo "1581"]
[WhiteFideId "0"]

1. d4 e6 2. Bf4 f5 3. c4 Nf6 4. Nc3 b6 5. e3 Bb7 6. Bd3 Bxg2 7. Qc2 Bxh1 8. f3
Nh5 9. Bg3 Nxg3 10. hxg3 Qg5 11. Qf2 Bd6 12. f4 Qf6 13. O-O-O Bb7 14. Re1 Bb4
15. Re2 Bxc3 16. bxc3 Be4 17. Bxe4 fxe4 18. Nh3 d5 19. cxd5 exd5 20. Qh2 Nc6
21. Nf2 Qh6 22. Ng4 Qxh2 23. Rxh2 Ke7 24. Rh5 Rad8 25. Kc2 Rd6 26. Nf2 g6 27.
Rh1 h6 28. a3 Rdd8 29. c4 dxc4 30. Nxe4 g5 31. Nd2 gxf4 32. gxf4 b5 33. Rh5 a6
34. d5 Na5 35. e4 Nb3 36. Nf3 Nc5 37. Ne5 Nxe4 38. Ng6+ Kf7 39. Nxh8+ Rxh8 40.
Re5 Nf6 41. Re6 h5 42. Rxa6 h4  0-1

[Event "2023 South West Open"]
[Site "Margaret River AUS"]
[Date "2023.07.30"]
[Round "5.10"]
[White "Davoll,Josh"]
[Black "Williams,Joshua"]
[Result "1-0"]
[BlackElo "1406"]
[BlackFideId "0"]
[EventDate "2023.07.29"]
[PlyCount "0"]
[WhiteElo "1917"]
[WhiteFideId "3228134"]

1. d4 d5 2. Nf3 Nc6 3. e3 Nf6 4. Bb5 Bg4 5. Nbd2 e6 6. h3 Bh5 7. g4 Bg6 8. Ne5
Qd6 9. h4 Be4 10. f3 Be7 11. fxe4 Nxe4 12. Nxe4 dxe4 13. Bxc6+ bxc6 14. Bd2 f6
15. Bc3 O-O 16. Nc4 Qg3+ 17. Ke2 c5 18. Qg1 Qxg1 19. Raxg1 e5 20. dxe5 fxe5 21.
a3 a5 22. a4 Ra6 23. g5 Raa8 24. Bxe5 Rac8 25. Rd1 c6 26. Rd7 Rf7 27. Rf1 Rcf8
28. Rxf7 Rxf7 29. Bd6 Bf8 30. Rxf7 Kxf7 31. Bxf8 Kxf8 32. Nxa5 Ke7 33. Nxc6+
Kd6 34. Na5 Kd5 35. b3 g6 36. Nc4 Kc6 37. Nd2 Kd5 38. c4+ Ke5 39. a5 Kd6 40.
Nxe4+ Kc6 41. a6 Kb6 42. Nxc5  1-0

[Event "2023 South West Open"]
[Site "Margaret River AUS"]
[Date "2023.07.30"]
[Round "5.11"]
[White "Fyfe,Andrew"]
[Black "Cotterill,Graeme"]
[Result "1-0"]
[BlackElo "1222"]
[BlackFideId "0"]
[EventDate "2023.07.29"]
[PlyCount "0"]
[WhiteElo "1849"]
[WhiteFideId "0"]

1. b3 d5 2. Bb2 Nf6 3. e3 Bf5 4. c4 c6 5. Nf3 Nbd7 6. Be2 e6 7. Nh4 Bg6 8. Nxg6
hxg6 9. d4 Bb4+ 10. Bc3 Qa5 11. Bxb4 Qxb4+ 12. Qd2 Qd6 13. g3 Ne4 14. Qd1 f5
15. Nd2 Ndf6 16. f4 Rh3 17. Bf1 Rh6 18. Nf3 Ng4 19. Qd3 O-O-O 20. Ng5 Qe7 21.
c5 a6 22. Nf3 { Scoresheets could not be reconciled from this point.}   1-0

[Event "2023 South West Open"]
[Site "Margaret River AUS"]
[Date "2023.07.30"]
[Round "5.12"]
[White "Smith,Doug"]
[Black "Butcher,Robert"]
[Result "0-1"]
[BlackElo "1798"]
[BlackFideId "0"]
[EventDate "2023.07.29"]
[PlyCount "0"]
[WhiteElo "1439"]
[WhiteFideId "0"]

1. e4 c5 2. Bc4 e6 3. Nc3 a6 4. a3 b5 5. Ba2 Bb7 6. d3 Nc6 7. Nf3 Nge7 8. Be3 d6
9. O-O Ng6 10. h3 Be7 11. Nh2 Bf6 12. Rb1 O-O 13. f4 Bd4 14. Bxd4 Nxd4 15. Ne2
Qd7 16. Nxd4 cxd4 17. f5 exf5 18. exf5 Nh4 19. Rf2 Nxf5 20. Qg4 Bc8 21. Bd5 Ra7
22. Nf3 Ne7 23. Qxd7 Rxd7 24. Bb3 Nc6 25. Rbf1 h6 26. Nh4 Ne5 27. Nf5 Kh7 28.
Nxd4 f6 29. Ne6 Re8 30. d4 Nc4 31. Re1 Rde7 32. Rfe2 Rxe6 33. Rxe6 Rxe6 34.
Rxe6 Bxe6  0-1

[Event "2023 South West Open"]
[Site "Margaret River AUS"]
[Date "2023.07.30"]
[Round "5.15"]
[White "Donaldson,Gary"]
[Black "Bufton,Noah"]
[Result "0-1"]
[BlackElo "1300"]
[BlackFideId "0"]
[EventDate "2023.07.29"]
[PlyCount "0"]
[WhiteElo "1632"]
[WhiteFideId "3218570"]

1. e4 d5 2. exd5 Qxd5 3. Nc3 Qd8 4. Nf3 Nf6 5. d4 Bg4 6. Be2 Bxf3 7. Bxf3 c6 8.
O-O e6 9. Bg5 Be7 10. Ne2 O-O 11. c3 Nbd7 12. Ng3 Nd5 13. Bxe7 Qxe7 14. Re1 g6
15. Qd2 N5f6 16. Qh6 Rfe8 17. Ne4 Nxe4 18. Rxe4 Nf6 19. Rh4 Rad8 20. g4 Qf8 21.
Qf4 Nd5 22. Bxd5 Rxd5 23. Qf6 e5 24. dxe5 Rexe5 25. Rh3 Re2 26. Re3 Rxb2 27.
Rae1 Rd8 28. a4 Rbd2 29. h4 Rd1 30. Kg2 Rxe1 31. Rxe1 Re8 32. Rd1 Qe7 33. Qxe7
Rxe7 34. Rd4 Kf8 35. Kf3 Ke8 36. Kf4 h6 37. a5 Rd7 38. Re4+ Kd8 39. Ke3 Re7 40.
f4 f6 41. Rxe7 Kxe7 42. Kd4 Kd6 43. c4 b6 44. axb6 axb6 45. Kd3 Kc5 46. Kc3 b5
47. cxb5 cxb5 48. Kb3 b4 49. g5 hxg5 50. f5 gxf5 51. h5 f4 52. h6 f3 53. h7 f2
54. h8=Q f1=Q 55. Qc8+ Kd6 56. Qd8+ Ke6 57. Qe8+ Kf5 58. Qd7+ Kg6 59. Qe8+ Kf5
60. Qd7+ Ke4 61. Qe6+ Kd4 62. Qd6+ Ke3 63. Qe6+ Kd2 64. Kxb4 Qf4+ 65. Kb3 Qe3+ 
0-1

[Event "2023 South West Open"]
[Site "Margaret River AUS"]
[Date "2023.07.30"]
[Round "5.16"]
[White "Hurst,Ashton"]
[Black "Mazza,Stephen"]
[Result "0-1"]
[BlackElo "1450"]
[BlackFideId "0"]
[EventDate "2023.07.29"]
[PlyCount "0"]
[WhiteElo "672"]
[WhiteFideId "0"]

1. e4 c5 2. Nc3 Nc6 3. Nf3 d6 4. Bc4 e6 5. d3 Nf6 6. Be3 Be7 7. Qd2 h6 8. Bf4 a6
9. d4 cxd4 10. Nxd4 Nxd4 11. Qxd4 e5 12. Bxe5 dxe5 13. Qxe5 O-O 14. Rd1 Qe8 15.
Qg3 Bb4 16. Qc7 Bxc3+ 17. bxc3 Qxe4+ 18. Be2 Re8 19. Rd8 Qxe2#  0-1

[Event "2023 South West Open"]
[Site "Margaret River AUS"]
[Date "2023.07.30"]
[Round "5.19"]
[White "Miller,Allan"]
[Black "Benson,Dave"]
[Result "1-0"]
[BlackElo "877"]
[BlackFideId "0"]
[EventDate "2023.07.29"]
[PlyCount "0"]
[WhiteElo "1100"]
[WhiteFideId "0"]

1. e4 e5 2. Nf3 Nc6 3. Bc4 Bc5 4. O-O a6 5. Bb3 Nf6 6. d3 O-O 7. Qe2 d6 8. Be3
Bg4 9. h3 Bxf3 10. Qxf3 Nd4 11. Bxd4 Bxd4 12. c3 Bb6 13. c4 Bd4 14. Nc3 Bxc3
15. bxc3 c5 16. Qd1 Qa5 17. Qc2 b5 18. a4 bxc4 19. Bxc4 Nh5 20. Rfb1 Qd8 21. a5
Qg5 22. g3 Nxg3 23. fxg3 Qxg3+ 24. Qg2 Qe3+ 25. Kh2 Qf4+ 26. Kh1 Kh8 27. Bd5 f5
28. Bxa8 Rxa8 29. Rb6 Rf8 30. Rab1 g6 31. Rb8 Kg8 32. exf5 Qxf5 33. Qd5+ Kg7
34. Rxf8 Qxh3+ 35. Kg1 Qg3+ 36. Kf1 Qh3+ 37. Ke2 Qh2+ 38. Rf2 Qh5+ 39. Qf3 e4
40. Qxh5 gxh5 41. dxe4 Kg6 42. Rb6 h4 43. Rxd6+ Kg5 44. Rxa6 Kg4 45. Rg2+ Kh3
46. Kf2 h6 47. Rxh6 c4 48. Rxh4+ Kxh4 49. a6 Kh5 50. a7  1-0

[Event "2023 South West Open"]
[Site "Margaret River AUS"]
[Date "2023.07.30"]
[Round "6.1"]
[White "Vlietstra,Marc"]
[Black "Hare,Tim"]
[Result "1-0"]
[BlackElo "2275"]
[BlackFideId "4300629"]
[EventDate "2023.07.29"]
[PlyCount "0"]
[WhiteElo "1980"]
[WhiteFideId "3203433"]

1. e3 g6 2. d4 Bg7 3. c4 d6 4. Nc3 Nf6 5. Nf3 O-O 6. Be2 c6 7. O-O Qc7 8. e4 e5
9. d5 c5 10. h3 a6 11. Be3 h6 12. Qd2 Kh7 13. Nh2 Nbd7 14. f4 exf4 15. Rxf4 Ne5
16. Raf1 Qe7 17. a3 Bd7 18. b4 b6 19. Kh1 Rfc8 20. bxc5 bxc5 21. Rh4 Nh5 22.
Rxh5 gxh5 23. Bxh5 Rf8 24. Nf3 Nxc4 25. Qd3 Nxe3 26. Qxe3 Rab8 27. e5 dxe5 28.
Ne4 Kg8 29. d6 Qe6 30. Rd1 Rb3 31. Qf2 Rxa3 32. Nxc5 Qe8 33. Nh4 e4 34. Nf5
Bxf5 35. Qxf5 Qe5 36. Qxe5 Bxe5 37. Nd7 Bxd6 38. Rxd6 Rc8 39. Nf6+ Kg7 40. Nxe4
Ra1+ 41. Kh2 a5 42. Rd7 { Moves are recorded up to 46 but are illegible.}   1-0

[Event "2023 South West Open"]
[Site "Margaret River AUS"]
[Date "2023.07.30"]
[Round "6.2"]
[White "Kerr,Carter"]
[Black "Hardegen,Andrew"]
[Result "1-0"]
[BlackElo "2169"]
[BlackFideId "3204081"]
[EventDate "2023.07.29"]
[PlyCount "0"]
[WhiteElo "1485"]
[WhiteFideId "3261859"]

1. e4 e6 2. Nf3 d5 3. exd5 exd5 4. d4 Nc6 5. Bb5 Bd6 6. Nc3 Ne7 7. Bg5 f6 8. Be3
Bg4 9. O-O Qd7 10. Na4 a6 11. Be2 Nf5 12. Qd2 Nxe3 13. Qxe3+ Qe7 14. Qb3 O-O-O
15. Rfe1 Qd7 16. c4 Na5 17. Qc2 Bf5 18. Qd1 dxc4 19. Rc1 b5 20. Nc3 Bf4 21. Ra1
c6 22. Nh4 Be6 23. Bf3 g6 24. Re4 Bc7 25. Qe1 Rhe8 26. Rd1 f5 27. Re2 { At this
point White dropped below 5 minutes and stopped recording moves.}  27... g5 28.
Bh5 gxh4 29. Bxe8 Rxe8 30. d5 Bf7 31. dxc6 Qxc6 32. Re7 Kb7 33. Qe3 { Black
continued to record moves through to move 42 but from this point onwards they
were unintelligible.}   1-0

[Event "2023 South West Open"]
[Site "Margaret River AUS"]
[Date "2023.07.30"]
[Round "6.3"]
[White "Holland,Dennis"]
[Black "Molenaar,Michael"]
[Result "1/2-1/2"]
[BlackElo "1476"]
[BlackFideId "0"]
[EventDate "2023.07.29"]
[PlyCount "0"]
[WhiteElo "2101"]
[WhiteFideId "3206491"]

1. d4 d5 2. c4 c6 3. e3 Nf6 4. Nf3 e6 5. Nbd2 Nbd7 6. Bd3 dxc4 7. Nxc4 b5 8.
Nce5 Bb7 9. O-O Bd6 10. Nxd7 Nxd7 11. b3 h6 12. Bb2 a6 13. Qc2 c5 14. e4 O-O
15. e5 Be7 16. Rfd1 Qb6 17. Be4 Rfd8 18. Bxb7 Qxb7 19. Rac1 Rac8 20. h3 Nb6 21.
dxc5 Rxd1+ 22. Qxd1 Rxc5 23. Rxc5 Bxc5 24. Qd8+ Kh7 25. Qd3+ Kg8 26. Qd8+ Kh7
27. Qd3+ $155 Kg8 28. Qd8+  1/2-1/2

[Event "2023 South West Open"]
[Site "Margaret River AUS"]
[Date "2023.07.30"]
[Round "6.5"]
[White "Clarke,Daniel"]
[Black "Andador,Dominador"]
[Result "0-1"]
[BlackElo "1819"]
[BlackFideId "3239080"]
[EventDate "2023.07.29"]
[PlyCount "0"]
[WhiteElo "1902"]
[WhiteFideId "3247570"]

1. e4 d5 2. exd5 Qxd5 3. Nc3 Qd6 4. d4 c6 5. Bc4 Nf6 6. Nf3 Bg4 7. Be3 Nbd7 8.
h3 Bh5 9. g4 Bg6 10. Bd3 O-O-O 11. Qd2 e5 12. Bxg6 hxg6 13. O-O-O e4 14. Bf4
Qe7 15. Ng5 Nb6 16. Rhe1 Nc4 17. Qe2 Qb4 18. Na4 Qxa4 19. Nxf7 Qxa2 20. c3 Qa1+
21. Kc2 Qxb2#  0-1

[Event "2023 South West Open"]
[Site "Margaret River AUS"]
[Date "2023.07.30"]
[Round "6.6"]
[White "O'Mahoney,Keegan"]
[Black "Prince,John"]
[Result "0-1"]
[BlackElo "1528"]
[BlackFideId "3266060"]
[EventDate "2023.07.29"]
[PlyCount "0"]
[WhiteElo "2193"]
[WhiteFideId "2506190"]

1. d4 Nf6 2. Bg5 e6 3. e4 Be7 4. e5 Nd5 5. Bxe7 Qxe7 6. c4 Qb4+ 7. Qd2 Qxd2+ 8.
Kxd2 Ne7 9. Bd3 Nbc6 10. Nf3 b6 11. Nc3 Bb7 12. a3 Na5 13. Kc2 O-O 14. Ne4 Nxc4
15. Neg5 Bd5 16. Nxh7 Rfc8 17. Bxc4 Bxc4 18. Nhg5 c5 19. dxc5 Rxc5 20. Ne4 Rc7
{ White fell below 5 minutes here and stopped recording moves.}  21. Kd2 Nf5
22. Rac1 Rac8 23. Nc3 Rc5 24. Ne1 Ne7 25. b4 R5c7 { Play continued to move 39
but the score sheet is illegible.}   0-1

[Event "2023 South West Open"]
[Site "Margaret River AUS"]
[Date "2023.07.30"]
[Round "6.7"]
[White "Moseley,Paul"]
[Black "Davoll,Josh"]
[Result "0-1"]
[BlackElo "1917"]
[BlackFideId "3228134"]
[EventDate "2023.07.29"]
[PlyCount "0"]
[WhiteElo "1516"]
[WhiteFideId "3250911"]

1. d4 Nf6 2. Nf3 d6 3. e3 g6 4. c4 Bg7 5. Nc3 O-O 6. e4 Nbd7 7. h3 c5 8. d5 a6
9. Be3 Qa5 10. Bd2 Qc7 11. Be2 e6 12. O-O exd5 13. exd5 Re8 14. Rb1 Ne5 15. Re1
Bf5 16. Ra1 Nd3 17. Bxd3 Bxd3 18. Be3 Bxc4 19. Rb1 Bb5 20. Nxb5 axb5 21. a3 Ne4
22. Qb3 Qa5 23. Qc2 Rac8 24. Nd2 Nf6 25. Bf4 Qb6 26. Ne4 Nxe4 27. Rxe4 Qc7 28.
Rbe1 Be5 29. Bg5 Qd7 30. Qe2 f5 31. Re3 Qf7 32. Bf4 Qxd5 33. Bxe5 Rxe5 34. Rxe5
dxe5 35. Qxe5 Qxe5 36. Rxe5 Kf7 37. Kf1 b6 38. f4 Re8 39. Rxe8 Kxe8 40. Ke2 Kd7
41. Kd3 Kc6 42. h4 Kd5 43. g3 h6 44. b3 c4+ 45. Kc3 Kc5 46. bxc4 bxc4 47. Kc2
Kd4 48. Kd2 c3+ 49. Kc2 Kc4 50. a4 h5 51. Kc1 Kb3 52. Kb1 Kxa4  0-1

[Event "2023 South West Open"]
[Site "Margaret River AUS"]
[Date "2023.07.30"]
[Round "6.8"]
[White "Butcher,Robert"]
[Black "Fyfe,Andrew"]
[Result "1-0"]
[BlackElo "1849"]
[BlackFideId "0"]
[EventDate "2023.07.29"]
[PlyCount "0"]
[WhiteElo "1798"]
[WhiteFideId "0"]

1. d4 c5 2. c3 e6 3. Nf3 d5 4. e3 c4 5. Nbd2 b5 6. Be2 Nf6 7. O-O Bd6 8. Qc2
Nbd7 9. e4 e5 10. dxe5 Nxe5 11. Nxe5 Bxe5 12. f4 Bc7 13. e5 Ng4 14. Nf3 Bb6+
15. Nd4 O-O 16. h3 Nh6 17. f5 Bxf5 18. Rxf5 Nxf5 19. Qxf5 Re8 20. Bf3 Bxd4+ 21.
cxd4 Qb6 22. Be3 Qe6 23. Qh5 a5 24. Rf1 f5 25. g4 Rf8 26. gxf5 Rxf5 27. Qxf5
Qc6 28. Bg2 Qb7 29. Qe6+  1-0

[Event "2023 South West Open"]
[Site "Margaret River AUS"]
[Date "2023.07.30"]
[Round "6.9"]
[White "McAteer,Ian"]
[Black "Caden,Matt"]
[Result "1/2-1/2"]
[BlackElo "1525"]
[BlackFideId "0"]
[EventDate "2023.07.29"]
[PlyCount "0"]
[WhiteElo "1822"]
[WhiteFideId "3230015"]

1. e4 c6 2. d4 d5 3. f3 dxe4 4. fxe4 e5 5. Nf3 Bg4 6. Bc4 Nd7 7. O-O Bxf3 8.
Qxf3 Ngf6 9. Qb3 Qb6 10. Bxf7+ Kd8 11. Qxb6+ axb6 12. Bg5 Be7 13. dxe5 Nxe5 14.
Rd1+ Nfd7 15. Bxe7+ Kxe7 16. Bb3 Nc5 17. Nd2 Rhf8 18. h3 Rf4 19. Re1 Raf8 20.
Rf1 Nxb3 21. axb3 Rxf1+ 22. Nxf1 Kd6 23. Ra7 Rf7 24. Ne3 g6 25. Ra8 Kc5 26. Rd8
Nd7 27. c3 b5 28. Nc2 Re7 29. Kf2 Nf6 30. h4 Nxe4+ 31. Kf3 Nd6 32. b4+ Kd5 33.
Ne3+ Ke5 34. Ng4+ Ke6 35. Nh6 Nc4 36. b3 Nb6 37. g4 Nd5 38. c4 bxc4 39. bxc4
Nxb4 40. g5 Rd7 41. Rxd7 Kxd7 42. Ng4 Ke6 43. Ke4 b5 44. Kd4 bxc4 45. Kxc4 Nd5
46. Kc5 Kd7 47. Ne5+ Ke6 48. Nxc6 Ne3 49. Nd4+ Ke5 50. Nc6+ Kf4 51. Kd6 Nf5+
52. Ke6 Nxh4 53. Kf6 Nf3 54. Ne7 Nxg5 55. Nxg6+ Kg4 56. Ne5+ Kh5 57. Kg7 h6 58.
Ng4 Ne6+ 59. Kh7  1/2-1/2

[Event "2023 South West Open"]
[Site "Margaret River AUS"]
[Date "2023.07.30"]
[Round "6.10"]
[White "Bufton,Noah"]
[Black "Wu,Kobe"]
[Result "0-1"]
[BlackElo "1523"]
[BlackFideId "3257355"]
[EventDate "2023.07.29"]
[PlyCount "0"]
[WhiteElo "1300"]
[WhiteFideId "0"]

1. e4 e5 2. Qh5 Nc6 3. Bc4 g6 4. Qf3 Nf6 5. d3 Nd4 6. Qd1 Bc5 7. Nf3 Nxf3+ 8.
Qxf3 Bf8 9. Bg5 Bg7 10. Nc3 c6 11. O-O-O d5 12. exd5 Bg4 13. Qxg4 Nxg4 14. Bxd8
Rxd8 15. Rdf1 b5 16. Bb3 b4 17. Nd1 cxd5 18. f3 Bh6+ 19. Kb1 Nf6 20. Re1 e4 21.
fxe4 dxe4 22. Rhf1 Bg5 23. g3 Ke7 24. Nf2 Bd2 25. Re2 e3 26. Nd1 Nd5 27. Bxd5
Rxd5 28. Nxe3 Bxe3 29. Rxe3+ Kf8 30. Rfe1 Rf5 31. Re7 a5 32. b3 Kg7 33. R7e5
Kf6 34. Rxf5+ Kxf5 35. Kb2 Kg4 36. a3 Kh3 37. Re2 Rc8 38. axb4 axb4 39. Re4
Kxh2 40. Rh4+ Kxg3 41. Rxh7 f5 42. Kc1 f4 43. Rh1 Kg2 44. Rd1 f3 45. Rd2+ f2 
0-1

[Event "2023 South West Open"]
[Site "Margaret River AUS"]
[Date "2023.07.30"]
[Round "6.12"]
[White "Kerr,Lennon"]
[Black "Iwach,Dylan"]
[Result "1/2-1/2"]
[BlackElo "1581"]
[BlackFideId "0"]
[EventDate "2023.07.29"]
[PlyCount "0"]
[WhiteElo "1576"]
[WhiteFideId "3261735"]

1. e4 e6 2. Nf3 d5 3. exd5 exd5 4. d4 Nf6 5. Nc3 Bb4 6. Bg5 Bg4 7. Be2 O-O 8.
O-O c6 9. Ne5 Bxe2 10. Qxe2 Re8 11. Qf3 Be7 12. Rfe1 Nbd7 13. Re2 Nxe5 14. dxe5
Nd7 15. Bf4 Bg5 16. Rae1 Bxf4 17. Qxf4 Re6 18. Qg3 Qc7 19. f4 Rae8 20. Qf3 a5
21. Nd1 b5 22. Nf2 Nxe5 23. fxe5 Rxe5 24. Nd3 Rxe2 25. Rxe2 Rxe2 26. Qxe2 h6
27. Qe8+ Kh7 28. Ne5 Qb6+ 29. Kf1 Qe3 30. Qe7 f6 31. Nxc6 Qc1+ 32. Qe1 Qxc2 33.
Qc3 Qb1+ 34. Ke2 Qxa2 35. Nxa5 Qa4 36. Nb3 Qe4+ 37. Kf2 b4 38. Qd2 Qc4 39. Nc1
g5 40. Qd3+ Kg7 41. Qxc4 dxc4 42. Ke3 f5 43. Na2 f4+ 44. Ke4 c3 45. b3 c2 46.
g3 ( 46. Kd3 g4 47. Kxc2 f3 48. gxf3 gxf3 49. Kd2 f2 50. Ke2 )46... fxg3 47.
hxg3 Kg6 48. g4 h5 49. gxh5+ Kxh5 50. Kd3 g4 51. Kxc2 g3 52. Nc1 Kg4 53. Ne2 g2
54. Kd1 Kf3 55. Ke1 Ke3 56. Ng1  1/2-1/2

[Event "2023 South West Open"]
[Site "Margaret River AUS"]
[Date "2023.07.30"]
[Round "6.13"]
[White "Mazza,Stephen"]
[Black "O'Donnell,Simon"]
[Result "1-0"]
[BlackElo "1117"]
[BlackFideId "0"]
[EventDate "2023.07.29"]
[PlyCount "0"]
[WhiteElo "1450"]
[WhiteFideId "0"]

1. d4 Nf6 2. Bg5 g6 3. Bxf6 exf6 4. e3 d5 5. c4 Be6 6. Nd2 Bg7 7. Ngf3 O-O 8.
Be2 Re8 9. O-O Nd7 10. Qb3 dxc4 11. Nxc4 Rb8 12. Qc2 b5 13. Na5 Bd5 14. Nc6 Be4
15. Qc1 Bxc6 16. Qxc6 Re6 17. Qc2 b4 18. Bc4 Re7 19. Rac1 c5 20. dxc5 Nxc5 21.
Rfd1 Qc7 22. Be2 b3 23. axb3 a5 24. Qxc5 Qxc5 25. Rxc5 Ree8 26. Bc4 Rf8 27.
Rxa5 f5 28. Nd4 Bxd4 29. exd4 Kg7 30. d5 Rfd8 31. Ra7 Kf6 32. d6 Re8 33. Rxf7+
Kg5 34. d7 Red8 35. Be6 f4 36. Re1 Kh6 37. Bc4 g5 38. Ree7 Kh5 39. Rxh7+ Kg4
40. Rhg7 Kh5 41. Bf7+ Kh6 42. Bg6 Ra8 43. f3 Ra1+ 44. Kf2 Rd1 45. Bf5 Rd2+ 46.
Ke1 Rxg2 47. Rh7#  1-0

[Event "2023 South West Open"]
[Site "Margaret River AUS"]
[Date "2023.07.30"]
[Round "6.14"]
[White "Cotterill,Graeme"]
[Black "Smith,Doug"]
[Result "1-0"]
[BlackElo "1439"]
[BlackFideId "0"]
[EventDate "2023.07.29"]
[PlyCount "0"]
[WhiteElo "1222"]
[WhiteFideId "0"]

1. e4 e6 2. d4 d5 3. e5 c5 4. c3 Qb6 5. Nf3 Nc6 6. a3 Nge7 7. b4 cxd4 8. cxd4
Nf5 9. Bb2 Bd7 10. Be2 Rc8 11. O-O Be7 12. Qd2 O-O 13. Rd1 Nd8 14. Bd3 a6 15.
Bxf5 exf5 16. Nc3 Be6 17. Rac1 Nc6 18. Qe3 Qd8 19. Rc2 h6 20. Rdc1 Bg5 21. Nxg5
Qxg5 22. Qxg5 hxg5 23. Na4 g6 24. Nc5 Rc7 25. Nxa6 Rcc8 26. Nc5 f4 27. Nxb7 
1-0